000 00470nam a22001817a 4500
008 180702b xxu||||| |||| 00| j tur d
020 _a9755702717
041 _atur
050 _aPL248.U22
100 _aUçan, Cem
_91193
245 _aBambaşka Hayatlar : Öykü
250 _a1.Baskı
260 _aİstanbul
_bSel Yayıncılık
_cAralık 2005
300 _a119 Sayfa
500 _aSel Yayıncılık : 265
650 0 _9145
_aTürk Edebiyatı
942 _2lcc
_cBK
999 _c2265
_d2225